Mejora de la productividad realizando simulación con Data Mining en pronósticos de venta / (Registro nro. 2403)

Detalles MARC
000 -LEADER
campo de control de longitud fija 02079nam a22003737a 4500
001 - NÚMERO DE CONTROL
campo de control 42835
003 - IDENTIFICADOR DE NÚMERO DE CONTROL
campo de control gtgccic
005 - FECHA Y HORA DE LA ÚLTIMA TRANSACCIÓN
campo de control 20251023152349.0
007 - CAMPO FIJO DE DESCRIPCIÓN FÍSICA--INFORMACIÓN GENERAL
campo de control de longitud fija ta
008 - DATOS DE LONGITUD FIJA--INFORMACIÓN GENERAL
campo de control de longitud fija 251023b gt ||||| |||| 00| 0 spa d
040 ## - FUENTE DE CATALOGACIÓN
Centro catalogador/agencia de origen gtgccic
Lengua de catalogación spa
Centro/agencia transcriptor gtgccic
Normas de descripción rda
084 ## - OTRO NÚMERO DE CLASIFICACIÓN
Número de control del registro de autoridad o número normalizado TPI-15-0082
100 10 - ENTRADA PRINCIPAL--NOMBRE DE PERSONA
Nombre de persona Irma Jeannette Orozco García
Fechas asociadas al nombre Ingeniera Industrial
Término indicativo de función/relación autor
245 10 - MENCIÓN DEL TÍTULO
Título Mejora de la productividad realizando simulación con Data Mining en pronósticos de venta /
Mención de responsabilidad, etc. Orozco García, Irma Jeannette
264 #1 - PRODUCCIÓN, PUBLICACIÓN, DISTRIBUCIÓN, FABRICACIÓN Y COPYRIGHT
Producción, publicación, distribución, fabricación y copyright Guatemala, Guatemala :
Nombre del de productor, editor, distribuidor, fabricante USAC, Facultad de Ingeniería ;
Fecha de producción, publicación, distribución, fabricación o copyright 2015.-
300 ## - DESCRIPCIÓN FÍSICA
Extensión 120 p. :
Otras características físicas il. ;
Dimensiones 27 cm
336 ## - TIPO DE CONTENIDO
Fuente rdacontenido
Término de tipo de contenido Texto
Código de tipo de contenido txt
337 ## - TIPO DE MEDIO
Fuente rdamedio
Nombre/término del tipo de medio sin mediación
Código del tipo de medio n
338 ## - TIPO DE SOPORTE
Fuente rdasoporte
Nombre/término del tipo de soporte volumen
Código del tipo de soporte nc
502 ## - NOTA DE TESIS
Nota de tesis Tesis Postgrado
Tipo de título MAGISTER EN GESTIÓN INDUSTRIAL
Nombre de la institución que otorga el título USAC, Facultad de Ingeniería, Escuela de Postgrado
Año de obtención del título 2015
Identificador de la tesis TPI-15-0082
504 ## - NOTA DE BIBLIOGRAFÍA, ETC.
Nota de bibliografía, etc. Nota Bibliografía pag. 101
505 ## - NOTA DE CONTENIDO CON FORMATO
Título 1. ANTECEDENTES
505 ## - NOTA DE CONTENIDO CON FORMATO
Título 2. DIAGNÓSTICO SITUACIONAL
505 ## - NOTA DE CONTENIDO CON FORMATO
Título 3. SIMULACIÓN CON DATA MINING
505 ## - NOTA DE CONTENIDO CON FORMATO
Título 4. EVALUACIÓN DE SIMULACIÓN
505 ## - NOTA DE CONTENIDO CON FORMATO
Título 5. PRESENTACIÓN DE RESULTADOS DE SIMULACIÓN
505 ## - NOTA DE CONTENIDO CON FORMATO
Título 6. DISCUSIÓN DE RESULTADOS
520 #3 - RESUMEN, ETC.
Sumario, etc. En el 2013, las ventas de la planta de productos para el cabello disminuyeron un 10% anual, el incumplimiento de la demanda del cliente afecta la operación de la empresa puesto que se considera al cliente como el centro de la cadena de valor. Es evidente que no se está cumpliendo con la demanda, por lo que es necesario tomar medidas inmediatas para encontrar el pronóstico de ventas que ayude a planificar la producción. La materia prima utilizada en la producción es importada y el desabastecimiento de esta causa paradas en la producción, pueto que el lapso de espera para ser liberado es de 2 a 3 meses y en algunas ocasiones la compra de materia prima local aumenta los costos de operación.
650 ## - PUNTO DE ACCESO ADICIONAL DE MATERIA--TÉRMINO DE MATERIA
Término de materia o nombre geográfico como elemento de entrada PRODUCCIÓN
650 ## - PUNTO DE ACCESO ADICIONAL DE MATERIA--TÉRMINO DE MATERIA
Término de materia o nombre geográfico como elemento de entrada COSTOS DE PRODUCCIÓN
700 ## - ENTRADA AGREGADA--NOMBRE PERSONAL
Nombre de persona MA. Ing. Everest Darwin Medinilla Rodríguez
Término indicativo de función/relación asesor
942 ## - ELEMENTOS DE ENTRADA SECUNDARIOS (KOHA)
Fuente de la clasificación o esquema de estantería Clasificación Decimal Dewey
Tipo de ítem Koha TESISPOSTGRADO
945 ## - PROCESAMIENTO DE INFORMACIÓN LOCAL (OCLC)
a amlo
Existencias
Estatus retirado Estado de pérdida Fuente de la clasificación o esquema de estantería Estado de daño No para préstamo Biblioteca de origen Biblioteca actual Fecha de adquisición Número de inventario Total de préstamos Signatura topográfica completa Código de barras Visto por última vez Precio de reemplazo Tipo de ítem Koha Nota pública
    Clasificación Decimal Dewey     CENTRO DE INFORMACIÓN A LA CONSTRUCCIÓN-CICON CENTRO DE INFORMACIÓN A LA CONSTRUCCIÓN-CICON 23/10/2025 P-2015-0082   TPI-15-0082 20150082 23/10/2025 23/10/2025 TESISPOSTGRADO disponible